Obálka Náhled e-knihy:
PDF Epub
Pro půjčování e-knih musíte být přihlášeni.
Jak si půjčit online?

Pravěk a jiné časy /

Román je realistickým příběhem s fantastickými prvky, který se odehrává se ve dvacátém století -- od začátku první světové války do osmdesátých let.

Uloženo v:
Hlavní autor: Tokarczuk, Olga, 1962- (Autor)
Další autoři: Vidlák, Petr, 1974- (Autor)
Médium: E-kniha
Jazyk:Czech
Vydáno: Brno : Host, 2024
Vydání:Třetí vydání
Témata:
Tagy:
Žádné tagy
LEADER 02698nam a2200409 i 4500
001 301497
003 CZ PrSKC
005 20260430063208.0
007 ta
008 241119s2024 xr g 000 f cze
015 |a cnb003643997 
020 |a 9788027522514  |q (brožováno) 
035 |a (OCoLC)1505964460 
040 |a ABG001  |b cze  |d BOA001  |e rda 
041 1 |a cze  |h pol 
072 7 |a 821.162.1  |x Polská literatura  |2 Konspekt 
080 |a 821.162.1-31  |2 MRF 
080 |a (0:82-31)  |2 MRF 
100 1 |a Tokarczuk, Olga,  |d 1962-  |7 jn20000605336  |4 aut 
240 1 0 |a Prawiek i inne czasy.  |l Česky  |7 aun20251249938 
245 1 0 |a Pravěk a jiné časy /  |c Olga Tokarczuková ; přeložil Petr Vidlák 
250 |a Třetí vydání 
264 1 |a Brno :  |b Host,  |c 2024 
300 |a 285 stran ;  |c 21 cm 
336 |a text  |b txt  |2 rdacontent 
337 |a bez média  |b n  |2 rdamedia 
338 |a svazek  |b nc  |2 rdacarrier 
500 |a Přeloženo z polštiny 
520 2 |a Román je realistickým příběhem s fantastickými prvky, který se odehrává se ve dvacátém století -- od začátku první světové války do osmdesátých let.  |b Románová vesnice Pravěk leží v centru celého světa, mezi řekami Černou a Bílou, které se spojují v jednu Řeku. Hlídají ji čtyři archandělé: Rafael, Gabriel, Michael a Uriel. V 84 kapitolách poznáváme jednotlivé „časy“ hrdinů románu: statkáře Popielského, který po celou dobu hraje tajemnou hru o Osmi Světech, malé Míši a jejího mlýnku na kávu, Klásky obcující se Zlým Mužem žijícím v lese, její dcery Routy, faráře bojujícího s nezkrotnou řekou, Izidora posedlého korespondencí, čas sadu a podhoubí a nakonec také čas mimočasového Boha, který stárne spolu s hrdiny. Pravěk a jiné časy je román o neúspěchu, o heroických a nezdařených pokusech zavést pořádek a lad. Olga Tokarczuková čerpá z tradic magického realismu a vytváří svět prostoupený starodávnými mýty, byť je hluboce zakořeněný v přítomnosti. Nakladatelská anotace. Kráceno. 
655 7 |a polské romány  |7 fd133084  |2 czenas 
655 9 |a Polish fiction  |2 eczenas 
700 1 |a Vidlák, Petr,  |d 1974-  |7 mzk2004217437  |4 trl 
900 |a ABA001  |b 20 
044 |a xr 
910 |a RBIT002 
998 |d 415863  |a https://core.palmknihy.cz/api/books/415863/cover?snd22e  |b https://core.palmknihy.cz/api/books/415863/cover/400?snd22e  |c https://core.palmknihy.cz/api/books/415863/cover/50?snd22e  |e 2029-03-15  |g 287  |i 9788027522514  |j https://core.palmknihy.cz/api/books/415863/preview.epub  |k https://core.palmknihy.cz/api/books/415863/preview.pdf  |l   |q 49  |r 1  |s https://www.palmknihy.cz/kniha/415863  |t ebook  |y 2024  |z 0 
999 |d 301495